Pourrez-vous tapez l'alphabet en moins de 15 secondes ? - Statistiques

Statistiques générales
  • Ce quiz a été pris 206 fois
  • Le résultat moyen est 23 sur 26
Statistiques - réponses
Réponse % Correct
A
100%
E
99%
D
96%
B
95%
C
95%
G
94%
F
93%
H
92%
I
92%
J
92%
K
91%
U
91%
R
90%
L
89%
M
89%
S
89%
N
88%
O
88%
P
88%
Q
88%
T
88%
Z
82%
V
81%
Y
80%
W
79%
X
78%
Aucun quiz correspondant
Distribution des résultats
% des personnes avec chaque résultat
Percentile par nombre de réponses
Votre historique - résultats
Vous n’avez pas pris ce quiz